00371nam a2200109Ia 4500008004100000082001500041100001500056245007200071942000600143952009700149999001500246240331s9999 xx 000 0 und d a303.4bEPS a Epstein S 0aVillage voices :bforty yars or rural transformation in South India cL 001040708LaWERCLbWERCLcSSCd2024-03-31l0o 303.4 EPSp2727r2024-03-31w2024-03-31yL c1235d1235